| 000 | 00474nam a2200181Ia 4500 | ||
|---|---|---|---|
| 008 | 230917s9999||||xx |||||||||||||| ||und|| | ||
| 020 | _cRS300 | ||
| 040 |
_e237743 _aMAIN |
||
| 041 | _aEnglish | ||
| 082 | _a330.9 J559H(3) | ||
| 100 | _aJhingan, M L | ||
| 245 | 0 | _aHistory of economic thought | |
| 250 | _a3rd ed. | ||
| 260 |
_aNew Delhi _bVrinda Publications _c2015 |
||
| 300 | _axi, 421 p. | ||
| 500 | _a2600 06/02/2017 KB17/387 20/02/2017 Main Budget | ||
| 942 | _cBK | ||
| 999 |
_c21257 _d21257 |
||